Die Leichtesten etüden für den ersten violin-unterricht
Guardado en:
| Autor principal: | |
|---|---|
| Formato: | Libro |
| Lenguaje: | alemán |
| Publicado: |
Mainz
B. Schott'S Söhne
1965
|
| Colección: | Edition Schott, 2472
|
| Materias: | |
| Etiquetas: |
Agregar Etiqueta
Sin Etiquetas, Sea el primero en etiquetar este registro!
|
MARC
| LEADER | 00000nam a2200000 a 4500 | ||
|---|---|---|---|
| 001 | UCN8737 | ||
| 003 | CL-VaPUC | ||
| 008 | 011116e19650000GW |||||||||||||||||ger|d | ||
| 082 | 0 | 4 | |a 787.2193 |b SEY |2 21 |
| 100 | 0 | |a Seybold, Arthur |e author |9 465162 | |
| 245 | 1 | 4 | |a Die Leichtesten etüden für den ersten violin-unterricht |
| 300 | |a v | ||
| 942 | |c BK | ||
| 945 | |d 20011116 00:00:00 |a lriquelm | ||
| 260 | |a Mainz |b B. Schott'S Söhne |c 1965 | ||
| 650 | 0 | |a Violín |x Estudio e instrucción |9 462623 | |
| 650 | 0 | |a Violín |x Estudio y ejercicios |9 462626 | |
| 650 | 0 | |a Violín |x Repertorio |9 462649 | |
| 650 | 0 | |a Violín |x Técnicas de ejecución |9 462624 | |
| 650 | 0 | |a Violín |x Interpretación |9 462625 | |
| 583 | |a last modification |c 20011116 00:00:00 |k Rodrigo Vera | ||
| 490 | 0 | |a Edition Schott, 2472 | |
| 999 | |c 298492 |d 298490 | ||
| 952 | |0 0 |1 0 |4 0 |6 787_219300000000000_SEY_1965 |7 0 |8 F |9 354099 |a BIBEDU |b BIBEDU |d 2019-11-21 |h v.2 |i 1179098 |o 787.2193 SEY 1965 |p 1179098 |r 2022-01-17 |w 2019-11-21 |y BK_F |k MUS | ||